Normal view
MARC view
Entry Término temático
001 - NÚMERO DE CONTROL
- campo de control: 154366
003 - IDENTIFICADOR DE NÚMERO DE CONTROL
- campo de control: mxcmmo
005 - FECHA Y HORA DE LA ÚLTIMA TRANSACCIÓN
- campo de control: 20241018045904.0
008 - ELEMENTOS DE DATO DE LONGITUD-FIJA
- campo de control de longitud fija: 241018|| aca||aabn | a|a d
040 ## - FUENTE DE CATALOGACIÓN
- Centro catalogador/agencia de origen: mxcmmo
- Centro/agencia transcriptor: mxcmmo
150 ## - ENCABEZAMIENTO--TÉRMINO DE MATERIA
- Término de materia o nombre geográfico como elemento de entrada: Derechos humanos
- Subdivisión geográfica: Guerrero
- Subdivisión geográfica: Tlapa de Comonfort
670 ## - FUENTE DE DATOS ENCONTRADOS
- Cita de la fuente: Work cat.: (mxcmmo)89693: Centro de Derechos Humanos de la Montaña Tlachinollan (Guerrero) autor 154363, Por los caminos de la resistencia